000 00467nam a2200145 a 4500
001 000028748
005 20200930055120.0
008 110412s2000 dr 000 p spa d
040 _aDO-SdBNP
_bspa
_cBNPHU
082 _axxx
_bE82s
100 1 _aEstrella Rodríguez, Víctor Ant.
_955591
245 1 0 _aSombras del Hipogeo /
_cVíctor Ant. Estrella Rodríguez.
260 _aSantiago de los Caballeros, República Dominicana :
_b[s.n],
_c2000.
300 _a57 p. ;
_c22 cm.
999 _c28240
_d28240